Four-Letter Things Quiz Stats

 Plays Quiz Updated Oct 15, 2018

Challenge
Share
Tweet
Embed
Score 0/42 Timer 10:00
3 Plays Today
% Correct
June
96.5%
July
96.3%
King
92.3%
Pawn
88.9%
Ohio
85.9%
Rook
85.7%
George H W Bush
83.5%
George W Bush
83.5%
Noun
80.7%
Iowa
80.6%
Verb
80.5%
Zeus
76.7%
Utah
75.1%
Opal
62.8%
Iron
61%
Ruby
60.4%
Gold
56.6%
Gerald Ford
54.7%
Laos
54%
Rome, Italy
53.9%
William Howard Taft
53.8%
% Correct
Iran
51.6%
James K Polk
51.6%
Iraq
51.6%
Oslo, Norway
50.6%
New York Mets
50.1%
Neon
49.1%
Chicago Cubs
47.2%
Cincinnati Reds
46.1%
John (1199-1216)
45.3%
Hera
44.1%
Tampa Bay Rays
42.5%
Oman
39.2%
Lead
37.7%
Ares
35.1%
Zinc
34.3%
Bern, Switzerland
34%
Mary I (1553-1558)
31.7%
Mary II (1689-1694)
31.6%
Anne (1702-1714)
25.6%
Kyiv, Ukraine
23.5%
Riga, Latvia
20.9%

You're not logged in!

Compare scores with friends on all Sporcle quizzes.
OR
Log In

You Might Also Like...

Show Comments

Extras

Top Quizzes Today


Score Distribution

Your Account Isn't Verified!

In order to create a playlist on Sporcle, you need to verify the email address you used during registration. Go to your Sporcle Settings to finish the process.

Report this User

Report this user for behavior that violates our Community Guidelines.

Details: